Využitie elektrochemických senzorov na báze moderných uhlíkových materiálov na stanovenie acetaminofénu a jeho metabolitu 4-aminofenolu
Saved in:
| Main Author: | |
|---|---|
| Other Authors: | |
| Format: | Manuscript Book |
| Language: | Slovak |
| Published: |
2024
|
| Subjects: | |
| Online Access: | http://is.stuba.sk/zp/portal_zp.pl?podrobnosti=176589 |
| Tags: |
No Tags, Be the first to tag this record!
|
MARC
| LEADER | 00000ntm a22000003a 4500 | ||
|---|---|---|---|
| 001 | stuzp99410 | ||
| 003 | SK-STU | ||
| 005 | 20240601210734.4 | ||
| 007 | ta | ||
| 008 | 150427s2015----xo-----f-mn---000-0-slo-d | ||
| 040 | |a STU |b slo | ||
| 041 | 0 | |a slo | |
| 100 | 1 | |a Purdeková, Mária |u 041000 |4 aut |U FCHPT Fakulta chemickej a potravinárskej technológie |T FCHPT Ústav analytickej chémie |X 121754 |U C1000 |Y 99 |7 121754 | |
| 242 | 0 | 1 | |a Application of electrochemical sensors based on advanced carbon materials for the determination of acetaminophen and its metabolite 4-aminophenol |y eng |
| 245 | 1 | 0 | |a Využitie elektrochemických senzorov na báze moderných uhlíkových materiálov na stanovenie acetaminofénu a jeho metabolitu 4-aminofenolu |
| 260 | |c 2024 | ||
| 650 | 4 | |a biouhlie |2 slo | |
| 650 | 4 | |a sadze |2 slo | |
| 650 | 4 | |a acetaminofén |2 slo | |
| 650 | 4 | |a diferenčná pulzová voltampérometria |2 slo | |
| 650 | 4 | |a sieťotlačový elektrochemický senzor |2 slo | |
| 650 | 4 | |a 4-aminofén |2 slo | |
| 650 | 4 | |a acetaminophen |2 eng | |
| 650 | 4 | |a 4-aminophenol |2 eng | |
| 650 | 4 | |a screen-printed electrode |2 eng | |
| 650 | 4 | |a differential pulse voltammetry |2 eng | |
| 650 | 4 | |a biochar |2 eng | |
| 650 | 4 | |a carbon black |2 eng | |
| 700 | 1 | |a Sarakhman, Olha |u 041000 |k Z1 |4 ths |U FCHPT Fakulta chemickej a potravinárskej technológie |T FCHPT Ústav analytickej chémie |X 95339 |U C1000 |Y 99 |7 95339 | |
| 856 | 4 | |u http://is.stuba.sk/zp/portal_zp.pl?podrobnosti=176589 | |